000 00326nam a22001457a 4500
020 _a9780071286459
082 _a621.4021
100 _aWhite, Frank M.
245 _aFluid Mechanics
250 _a6th ed.
260 _aNew Delhi :
_bMcGraw Hill,
_c2008.
300 _a864 p. ;
_b23 cm.
500 _aPaperback.
942 _cBK
999 _c34016
_d34016